Biblioteca

Studies in eastern European Jewish mysticism (Registro nro. 46277)

Detalles MARC
000 -LÍDER
Campo fijo de descripción fija 01680aam a2200349 i 4500
001 - NÚMERO DE CONTROL
Campo de control 768714001
003 - IDENTIFICADOR DEL NÚMERO DE CONTROL
Campo de control CO-MdFUSB
005 - FECHA Y HORA DE LA ULTIMA TRANSACCIÓN
control field 20201029115821.0
007 - CAMPO FIJO DE DESCRIPCIÓN FIJA--INFORMACIÓN GENERAL
Campo fijo de descripción fija ta
008 - ELEMENTOS DE LONGITUD FIJA -- INFORMACIÓN GENERAL
Campo fijo de descripción fija -- Información general 200519t1985 enka|||| |||| 00| 0 eng d
020 ## - NÚMERO INTERNACIONAL NORMALIZADO PARA LIBROS
Número Internacional Normalizado del libro 0197100341
040 ## - FUENTE DE CATALOGACIÓN
Idioma de catalogación spa.
Agencia de catalogación original CO-MdFUSB
Agencia que realiza la transcripción CO-MdFUSB
Agencia que realiza la modificación CO-MdFUSBC
Convenciones de la descripción rda
041 ## - CÓDIGO DE IDIOMA
Código de idioma para texto/pista de sonido o título separado eng
082 ## - NÚMERO DE CLASIFICACIÓN DECIMAL DEWEY
Número de la edición del Dewey 23
Número de clasificación 296.833
Clave de autor-Numero de item W431
100 1# - ASIENTO PRINCIPAL--NOMBRE PERSONAL
Nombre personal Weiss, Joseph
Término relacionador autor
245 10 - TÍTULO
Título del Material Studies in eastern European Jewish mysticism
Mención de responsabilidad, etc. / Joseph Weiss ; editado por David Goldstein
264 #1 - PRODUCCIÓN, PUBLICACIÓN, DISTRIBUCIÓN, MANUFACTURA, Y COPYRIGHT
Lugar de producción, publicación, distribución, manufactura Oxford, Inglaterra :
Nombre del productor, publicador, distribuidor Oxford University Press,
Fecha de producción, publicación, distribución, manufactura, o copyright [1985]
264 #4 - PRODUCCIÓN, PUBLICACIÓN, DISTRIBUCIÓN, MANUFACTURA, Y COPYRIGHT
Fecha de producción, publicación, distribución, manufactura, o copyright © 1985
300 ## - DESCRIPCIÓN FÍSICA
Extensión 272 páginas
Dimensiones ; 23 cm
336 ## - TIPO DE CONTENIDO
Término de tipo de contenido texto
Código de tipo de contenido txt
Fuente rdacontent
337 ## - TIPO DE MEDIO
Fuente rdamedia
Nombre del tipo de medio sin mediación
Código del tipo de medio n
338 ## - TIPO DE SOPORTE
Fuente rdacarrier
Nombre del tipo de soporte volumen
Código Tipo de soporte nc
490 ## - MENCIÓN DE SERIE
Mención de serie Littman library of Jewish civilization (Series)
505 ## - NOTA DE CONTENIDO
Nota de contenido con formato preestablecido El origen social del jasidismo temprano - La mística y la fe contemplativa en la piedad jasídico - Estudio de la Torá en el jasidismo temprano - El Kavvanoth de la oración en el jasidismo temprano - La oración de petición en el jasidismo temprano - La contemplación como la soledad - El concepto de R. Abraham Kaliser de la comunión con Dios y los hombres - La autoría y la unidad literaria de la Darkhei Yesharim - El Saddik: La alteración de la voluntad divina - La manera jasídica de Jabad - Éxtasis en el jasidismo Harad - Una utopía judía tardía de la libertad religiosa - El caso extraño de Najman de Braslav
563 ## - NOTA DE ENCUADERNACIÓN
Nota de encuadernación Pasta dura
651 #7 - ASIENTO SECUNDARIO DE MATERIA - NOMBRE GEOGRAFICO
Nombre geográfico Palestina
Subdivisión general Historia
Subdivisión cronológica Siglo I
653 ## - TÉRMINO DE INDIZACIÓN - NO CONTROLADO
Término no controlado Misticismo
700 ## - ASIENTO SECUNDARIO - NOMBRE PERSONAL
9 (RLIN) 3808
Nombre personal Goldstein, David.
Responsabilidad traductor
942 ## - TIPO DE MATERIAL (KOHA)
Tipo de Item KOHA Libros General
945 ## - INFORMACIÓN LOCAL DEL REGISTRO
Catalogador JTF-925
Existencias
Estado de Material Estado de Perdido Forma de Clasificación Estado de Dañado No para Préstamo Colección Tomo Biblioteca de Origen Biblioteca Permanente Fecha de Adquisición Área Total de Préstamos Signatura Topográfica Código de Barras Última vez visto Ejemplar/Existencia Fecha de Remplazo Tipo de Material
    Dewey Decimal Classification     Colección General   Biblioteca FUSBC Biblioteca FUSBC 19/05/2020 RELIGIÓN - RELIGIONES   G 296.833 W431s 19998 12/12/2019 Ej.1 26/01/2016 Libros General

Biblioteca FUSBC | Teléfono: (57+4) 349 88 10 Ext. 141| WhatsApp (+57) 3005338115 
E-mail: biblioteca@unisbc.edu.co | Calle 76 87-14 Robledo Palenque, Medellín, Colombia

Con tecnología Koha